000 00627nam a2200181 a 4500
008 060316s1971 ||||||||||||||||| || u
020 _a0070941467
050 _aT 50 Bas
100 _aBass, Herbert George
245 1 0 _aIntroduction to engineering measurements
260 _aLondon :
_bMcGraw-Hill
_c1971
300 _ax, 252 p. : ill.
350 _a0.00
500 _aIncludes bibliographical references
650 _aPHYSICAL MEASUREMENTS
650 _aMENSURATION
995 _D0.00
_FCBU-MAIN LIBRARY (Kitwe)
_H1
_I6.45
_UAVAILABLE
_ZMain Library Open Access Collection
999 _c47731
_d47731